000 00653nam a2200265Ia 4500
005 20260121165843.0
008 008 260114s9999 xx 000 0 eng d
020 _a9781493937776
037 _aEBOOK
040 _aCRL
040 _beng
040 _cCRL
041 _2eng
041 _aeng
084 _qCRL
100 _aJonathan C. Gewirtz, Yong-Kyu Kim
_91056846
245 0 _aAnimal Models of Behavior Genetics
260 _bSpringer
260 _bSpringer
260 _c2016
856 _uhttps://link.springer.com/openurl?genre=book&isbn=978-1-4939-3777-6
942 _cEBOOK
999 _c1622574
_d1622574